00368nam a2200121 a 4500008004100000050001300041100001700054245008000071260005100151300001100202350000900213650002400222101028s1992 ||||||||||||||||| || | aZLA(05)J aKakoma, A. K10aLibrary associations: an over looked aspect in the development of libraries aLusakabZambia Library Association (ZLA)c1992 a4-11pp a0.00 aLIBRARIES -- ZAMBIA